Kumail Nanjiani Filmography - Statistics

General Stats
  • This quiz has been taken 14 times
    4 since last reset
  • The average score is 4 of 135
Answer Stats
Type Year Name % Correct
Film 2021 Eternals
67%
TV Show 2008, 2017 Saturday Night Live
67%
TV Show 2014, 2016 Bob's Burgers
33%
Video Game 2017 Middle-earth: Shadow of War
33%
Film 2023 Migration
33%
Web Series 2024 Only Murders in the Building
33%
TV Show 2014-2019 Silicon Valley
33%
Film 2020 The Lovebirds
33%
TV Show 2022 The Simpsons
33%
Web Series 2024 What If...?
33%
Award Show 2016 31st Film Independent Spirit Awards
0%
TV Show 2013 Actress
0%
Film 2015 Addicted to Fresno
0%
TV Show 2012-2016 Adventure Time
0%
Video Game 2018 Adventure Time: Pirates of the Enchiridion
0%
TV Show 2025 After Midnight
0%
Film TBA A Guy Walks Into a Bar
0%
Film 2017 A Happening of Monumental Proportions
0%
TV Show 2016 Animals.
0%
Short Film 2024 Any Asshole
0%
TV Show 2015 Aqua Teen Hunger Force
0%
TV Show 2015 Archer
0%
Commercial 2022 AT&T
0%
Film 2013 Bad Milo!
0%
Web Series 2022 Bee & Puppycat: Lazy in Space
0%
Web Series 2021 Big Mouth
0%
TV Show 2019-2021 Bless the Harts
0%
TV Show 2015 Broad City
0%
Film 2016 Brother Nature
0%
TV Show 2012 Bunk
0%
Web Series 2013 Burning Love
0%
Film 2016 Central Intelligence
0%
TV Show 2024 Chrissy & Dave Dine Out
0%
Web Series 2011 CollegeHumor Originals
0%
Podcast 2010 Comedy Bang Bang: The Podcast
0%
TV Show 2014, 2015 Community
0%
TV Special 2025 Conan O'Brien: The Kennedy Center Mark Twain Prize for American Humor
0%
Web Special 2020 Death to 2020
0%
Film 2024 Destroy All Neighbors
0%
Film 2020 Dolittle
0%
Film TBA Driver's Ed
0%
TV Show 2013 Drunk History
0%
Film 2018 Duck Butter
0%
Film 2025 Ella McCay
0%
Music Video 2010 F_ck Sh_t Stack
0%
Commercial 2016 FIJI Water
0%
Film 2017 Fist Fight
0%
Film 2016 Flock of Dudes
0%
TV Show 2011-2014 Franklin & Bash
0%
Web Series 2014 Gabe & Max Need Help
0%
TV Show 2014 Garfunkel and Oates
0%
Web Series 2019 Gay of Thrones
0%
Short Film 2011 Gears of War 3: Careful What You Wish For
0%
Film 2024 Ghostbusters: Frozen Empire
0%
Web Series 2013 Ghost Ghirls
0%
Web Series 2011 Googy
0%
Film 2015 Goosebumps
0%
Web Series 2016, 2017 HarmonQuest
0%
Podcast 2013-2021 HarmonTown
0%
Film 2015 Hell and Back
0%
Film 2013 Hell Baby
0%
Film 2015 Hello, My Name Is Doris
0%
Web Series 2023 History of the World: Part II
0%
Film 2015 Hot Tub Time Machine 2
0%
TV Show 2015 Inside Amy Schumer
0%
Video Game 2027 Intergalactic: The Heretic Prophet
0%
Web Series 2009 Jake and Amir
0%
Web Mini-Series 2020 James and the Giant Peach with Taika and Friends
0%
TV Show 2014 Key & Peele
0%
TV Show 2014 King of the Nerds
0%
TV Show 2024 Krapopolis
0%
TV Show 2015 Kroll Show
0%
Stand-Up Special 2013 Kumail Nanjiani: Beta Male
0%
TV Show 2012, 2016, 2017 Laugh Factory
0%
Commercial 2021 Lexus IS 500
0%
Film 2010 Life as We Know It
0%
Film 2015 Loaded
0%
TV Show 2015 Major Lazer
0%
Video Game 2017 Mass Effect: Andromeda
0%
Web Series 2014 Math Bites
0%
Film 2019 Men in Black: International
0%
TV Show 2009 Michael & Michael Have Issues
0%
Film 2016 Mike and Dave Need Wedding Dates
0%
Web Series 2022 Murderville
0%
Web Series 2012 Nerdist: Course of the Force
0%
TV Show 2013-2015 Newsreaders
0%
TV Show 2011 New York Stand-Up Show
0%
Web Mini-Series 2022 Obi-Wan Kenobi
0%
Theater 2024-2025 Oh, Mary!
0%
Commercial 2016 Old Navy
0%
Web Mini-Series 2021 Pandemica
0%
Short Film 2021 Parking Spot
0%
TV Show 2015 Penn Zero: Part-Time Hero
0%
Web Series 2025 Poker Face
0%
TV Show 2011-2018 Portlandia
0%
Documentary Series 2023 Project Greenlight: A New Generation
0%
Commercial 2024 Quest
0%
TV Show 2018 RuPaul's Drag Race
0%
Web Series 2015 Scheer-RL
0%
Film 2014 Sex Tape
0%
Podcast 2020 Staying In with Emily & Kumail
0%
Film 2019 Stuber
0%
TV Show 2013 Talking Dead
0%
TV Pilot 2013 The Arrangement
0%
Film 2017 The Big Sick
0%
Web Series 2022 The Boys
0%
Web Series 2022 The Boys Presents: Diabolical
0%
Film 2026 The Breadwinner
0%
TV Show 2023 The Eric Andre Show
0%
Film 2012 The Five-Year Engagement
0%
Web Special 2023 The Give Back-ular Spectacular
0%
TV Show 2023 The Great Food Truck Race
0%
TV Show 2015, 2016 The Grinder
0%
Web Series 2012 The Indoor Kids
0%
Film 2013 The Kings of Summer
0%
Film 2014 The Last of the Great Romantics
0%
Film 2016 The Late Bloomer
0%
Film 2017 The LEGO Ninjago Movie
0%
TV Show 2014-2016 The Meltdown with Jonah and Kumail
0%
Short Film 2013 The Thanksgivukkah Movie Trailer
0%
Theater 2013 The Thrilling Adventure Hour
0%
Web Series 2019 The Twilight Zone
0%
Video Game 2013 The Walking Dead: Season 2
0%
Film TBA The Wrong Girls
0%
Podcast 2014 The X-Files
0%
TV Show 2016 The X-Files
0%
Film 2026 Thread: An Insidious Tale
0%
Commercial 2023 Tide
0%
TV Show 2013 Timms Valley
0%
TV Show 2011 Traffic Light
0%
TV Show 2014 TripTank
0%
TV Show 2010 Ugly Americans
0%
TV Show 2013 Veep
0%
Web Mini-Series 2022-2023 Welcome to Chippendales
0%
TV Special 2019 WrestleMania 35
0%
No matching quizzes found
Score Distribution
Percent of People with Each Score
Percentile by Number Answered
Your Score History
You have not taken this quiz since the last reset